000 00422nam a2200145Ia 4500
003 OSt
005 20260129112655.0
008 211028s2018 xx 000 0 und d
040 _cAIMIT LIBRARY
041 _aeng
100 _aKrishna V, Lakshmi; P V Sumitha.
_g1616089
_97845
245 _aStudy on recruitment issues at Norwin technologies Bangalore /
260 _aMangalore
_bLeston D Souza.
_c2018
942 _2ddc
_cPRO
999 _c219413
_d219413